000 00997nam a2200241 i 4500
001 110499
003 ES-MaACL
005 20250809062538.0
007 t|
008 061121s1985 sp r ||||1| spa d
020 _a84-86130-89-1
245 0 4 _aUna oferta científica e histórica internacional all doctor J.M. Font i Rius por sus ocho lustros de docencia universitaria /
_cedición coordinada por Manuel J. Pelèz, Jesús Fernández Viladrich.
260 _aBarcelona :
_bPromociones Publicaciones Universitarias,
_c1985.
300 _aXIV, 424 p. ;
_c24 cm.
490 1 _aBibliográfica de derecho histórico e historia de las instituciones ;
_v6
650 0 7 _aDerecho
_2embne
_911602
700 1 _aPeláez, Manuel J.
_9130966
700 1 _aFernández Viladrich, Jesús.
_950156
700 1 _aFont i Rius, Josep Maria.
_951559
830 0 _aBibliográfica de derecho histórico e historia de las instituciones ;
_v6
_9233030
852 _aES-MaACL
_jL-9468
999 _c110499
_d110499